000
00300cam a22001097a 4500
008
180718b1955 xxu||||| |||| 00| 0 eng d
082
_a
P93 At62
245
_a
Staff manual Atlanta Public Library
260
_a
Atlanta
_b
Atlanta Public Library
_c
1955
300
_a
47p.
650
_a
Library administration
999
_c
478147
_d
478147